<?xml version="1.0" encoding="UTF-8"?>
<record
    xmlns:xsi="http://www.w3.org/2001/XMLSchema-instance"
    xsi:schemaLocation="http://www.loc.gov/MARC21/slim http://www.loc.gov/standards/marcxml/schema/MARC21slim.xsd"
    xmlns="http://www.loc.gov/MARC21/slim">

  <leader>01045nam a2200217 i 4500</leader>
  <controlfield tag="001">187094</controlfield>
  <controlfield tag="003">ES-MaACL</controlfield>
  <controlfield tag="005">20250815115228.0</controlfield>
  <controlfield tag="008">170412s1996    sp ah        |||| | spa d</controlfield>
  <datafield tag="080" ind1=" " ind2=" ">
    <subfield code="a">636.09</subfield>
  </datafield>
  <datafield tag="100" ind1="1" ind2=" ">
    <subfield code="a">Vives Vall&#xE9;s, Miguel &#xC1;ngel.</subfield>
    <subfield code="9">162372</subfield>
  </datafield>
  <datafield tag="245" ind1="1" ind2="3">
    <subfield code="a">La ense&#xF1;anza de la historia de la veterinaria como disciplina acad&#xE9;mica</subfield>
    <subfield code="b">: discurso le&#xED;do el 8 de mayo de 1996, en... la recepci&#xF3;n p&#xFA;blica como acad&#xE9;mico correspondiente por... D. Miguel &#xC1;ngel Vives Vill&#xE9;s ;  y discurso de presentaci&#xF3;n a cargo del acad&#xE9;mico numerario... D. Jos&#xE9; Manuel P&#xE9;rez y Garc&#xED;a.</subfield>
  </datafield>
  <datafield tag="246" ind1="3" ind2=" ">
    <subfield code="i">Precede al t&#xED;t.</subfield>
    <subfield code="a">Instituto de Espa&#xF1;a. Real Academia de Ciencias Veterinarias</subfield>
  </datafield>
  <datafield tag="260" ind1=" " ind2=" ">
    <subfield code="a">[S.l. : </subfield>
    <subfield code="b">S.n., </subfield>
    <subfield code="c">1996] (</subfield>
    <subfield code="e">C&#xE1;ceres : </subfield>
    <subfield code="f">Imp. Tom&#xE1;s Rodr&#xED;guez)</subfield>
  </datafield>
  <datafield tag="300" ind1=" " ind2=" ">
    <subfield code="a">72 p. ; </subfield>
    <subfield code="c">23 cm.</subfield>
  </datafield>
  <datafield tag="650" ind1=" " ind2="7">
    <subfield code="a">Veterinaria</subfield>
    <subfield code="2">embne</subfield>
    <subfield code="9">138773</subfield>
  </datafield>
  <datafield tag="700" ind1="1" ind2=" ">
    <subfield code="a">P&#xE9;rez Garc&#xED;a, Jos&#xE9; Manuel, </subfield>
    <subfield code="d">1936-</subfield>
    <subfield code="9">162373</subfield>
  </datafield>
  <datafield tag="710" ind1="2" ind2=" ">
    <subfield code="a">Real Academia de Ciencias Veterinarias de Madrid.</subfield>
    <subfield code="9">6300</subfield>
  </datafield>
  <datafield tag="852" ind1=" " ind2=" ">
    <subfield code="a">ES-MaACL</subfield>
    <subfield code="j">L-31416</subfield>
  </datafield>
  <datafield tag="999" ind1=" " ind2=" ">
    <subfield code="c">187094</subfield>
    <subfield code="d">187094</subfield>
  </datafield>
  <datafield tag="952" ind1=" " ind2=" ">
    <subfield code="0">0</subfield>
    <subfield code="1">0</subfield>
    <subfield code="4">0</subfield>
    <subfield code="7">0</subfield>
    <subfield code="a">ATENEOM</subfield>
    <subfield code="b">ATENEOM</subfield>
    <subfield code="c">DEPO2</subfield>
    <subfield code="d">2017-04-12</subfield>
    <subfield code="e">DON</subfield>
    <subfield code="l">0</subfield>
    <subfield code="o">L-31416</subfield>
    <subfield code="p">1197382</subfield>
    <subfield code="r">2023-02-23 00:00:00</subfield>
    <subfield code="w">2023-02-23</subfield>
    <subfield code="y">MONOGRAFIA</subfield>
  </datafield>
</record>
